000 00486cam a2200145 4500500
005 20251012020603.0
041 _afre
042 _adc
100 1 0 _ad'Arienzo, María
_eauthor
245 0 0 _aLes concepts de confessions religieuses et de communautés
260 _c2005.
500 _a93
786 0 _nL'Année canonique | XLVII | 1 | 2005-02-11 | p. 155-166 | 0570-1953
856 4 1 _uhttps://shs.cairn.info/revue-l-annee-canonique-2005-1-page-155?lang=fr&redirect-ssocas=7080
999 _c1536104
_d1536104